Encounter or syncretism. : The initial growth of Japanese Buddhism /

Bibliographic Details
Main Author: Kamstra, Jacques H.
Format: Book
Language:English
Published: Leiden : E. J. Brill, 1967.
Subjects:

MARC

Tag First Indicator Second Indicator Subfields
LEADER 00000cam a2200000 4500
001 in00000279921
005 20151010072534.0
008 680301s1967 ne ab b 00010 eng
010 |a  68081683  
015 |a Ne67-50 
035 |a (OCoLC)00458586 
035 |9 ABE9407AM 
037 |c fl 64.00 
040 |a DLC  |c DLC  |d TXA  |d UtOrBLW 
049 |a TXAM  |c [480790] 
050 0 0 |a BL1441.1  |b .K3 
082 0 |a 294.3/0952 
100 1 |a Kamstra, Jacques H. 
245 1 0 |a Encounter or syncretism. :  |b The initial growth of Japanese Buddhism /  |c by J. H. Kamstra. 
264 1 |a Leiden :  |b E. J. Brill,  |c 1967. 
300 |a viii, 508 pages :  |b 3 pages of photographs, maps on folded leaves ;  |c 25 cm. 
336 |a text  |b txt  |2 rdacontent 
337 |a unmediated  |b n  |2 rdamedia 
338 |a volume  |b nc  |2 rdacarrier 
504 |a Bibliography: pages [471]-479. 
650 0 |a Buddhism  |z Japan  |x History. 
999 |a MARS 
999 f f |s 204f43f3-e56e-33da-8adf-ad2afcda87fc  |i 8cdff2f8-0360-31f7-b3aa-f3d7c605be40  |t 0 
952 f f |p ric  |a Texas A&M University  |b Rellis Campus  |c Joint Library Facility  |d Remote Storage  |t 0  |e BL1441.1 .K3  |h Library of Congress classification  |i unmediated -- volume  |m A14801742987 
998 f f |a BL1441.1 .K3  |t 0  |l Remote Storage